书目信息 |
| 题名: |
广播电视新闻采访与写作
|
|
| 作者: | 赵淑萍 著 | |
| 分册: | ||
| 出版信息: | 北京 北京师范大学出版社 2006 |
|
| 页数: | 12,502页 | |
| 开本: | 23cm | |
| 丛书名: | ||
| 单 册: | ||
| 中图分类: | G222.1 | |
| 科图分类: | ||
| 主题词: | 广播电视--新闻采访--高等教育--教材 , 广播电视--新闻写作--高等教育--教材 , 广播电视 , 新闻采访 , 新闻写作 | |
| 电子资源: | ||
| ISBN: | 978-7-303-08271-1 | |
| 000 | 01044nam0 2200289 45 | |
| 001 | 1029860554 | |
| 005 | 20100428151206.06 | |
| 010 | @a978-7-303-08271-1@dCNY48.80 | |
| 100 | @a20100420e20082006em y0chiy50 ea | |
| 101 | 0 | @achi |
| 102 | @aCN@b110000 | |
| 105 | @ay z 000yy | |
| 106 | @ar | |
| 200 | 1 | @a广播电视新闻采访与写作@AGuang Bo Dian Shi Xin Wen Cai Fang Yu Xie Zuo@f赵淑萍著@FZhao Shu Ping Zhu |
| 210 | @a北京@c北京师范大学出版社@d2006@h2008 | |
| 215 | @a12,502页@d23cm | |
| 300 | @a普通高等教育“十五”国家级规划教材 | |
| 330 | @a本书分为上下两篇。上篇讲述新闻采访活动的由来与发展,广播电视采访的共性与人性,采访策划、准备、方法等;下篇讲述新闻写作的一般规则和要求,广播电视新闻写作技巧、电视解说词写作等内容。 | |
| 606 | 0 | @a广播电视@x新闻采访@x高等教育@j教材 |
| 606 | 0 | @a广播电视@x新闻写作@x高等教育@j教材 |
| 606 | 0 | @a广播电视 |
| 606 | 0 | @a新闻采访 |
| 606 | 0 | @a新闻写作 |
| 690 | @aG222.1@v4 | |
| 701 | 0 | @a赵淑萍@AZhao Shu Ping@4著 |
| 801 | 0 | @aCN@bTANGWEI@c20100428 |
| 905 | @b0593263-67@dG222.1@e108@f5 | |
| 广播电视新闻采访与写作/赵淑萍著.-北京:北京师范大学出版社,2006(2008) |
| 12,502页;23cm |
| 普通高等教育“十五”国家级规划教材 |
| ISBN 978-7-303-08271-1:CNY48.80 |
| 本书分为上下两篇。上篇讲述新闻采访活动的由来与发展,广播电视采访的共性与人性,采访策划、准备、方法等;下篇讲述新闻写作的一般规则和要求,广播电视新闻写作技巧、电视解说词写作等内容。 |
| ● |
| 相关链接 |
|
|
|
|
正题名:广播电视新闻采访与写作
索取号:G222.1/108
 
预约/预借
| 序号 | 登录号 | 条形码 | 馆藏地/架位号 | 状态 | 备注 |
| 1 | 0593263 | 205932632 | 第一样本阅览室/ [索取号:G222.1/108] | 在馆 | |
| 2 | 0593264 | 205932641 | 第四借阅区/ [索取号:G222.1/108] | 在馆 | |
| 3 | 0593265 | 205932650 | 第四借阅区/ [索取号:G222.1/108] | 在馆 | |
| 4 | 0593266 | 205932669 | 第四借阅区/ [索取号:G222.1/108] | 在馆 | |
| 5 | 0593267 | 205932678 | 第四借阅区/ [索取号:G222.1/108] | 在馆 |